000 00982cam a2200265 a 4500
001 15969402
005 20180814082552.0
008 091102r20112000nyu 001 0 eng
010 _a 2009046167
020 _a9780073375168 (student edition : alk. paper)
020 _a0073375160 (student edition : alk. paper)
020 _a9780077301248 (annotated instructor's edition : alk. paper)
020 _a0077301242 (annotated instructor's edition : alk. paper)
040 _aDLC
_cDLC
_dDLC
041 _aeng
080 _a378.198 FEL
082 0 0 _a378.198 FEL
_222
100 1 _a25
101 _aEDU
245 1 0 _aP.O.W.E.R. learning :
_cRobert S. Feldman.
246 3 _aPOWER learning
906 _a7
_bcbc
_corignew
_d1
_eecip
_f20
_gy-gencatlg
942 _2ddc
_cBK
999 _c47152
_d47152